[Event "Championnat de France des Jeunes - Pouss"]
[Site "Aix les Bains"]
[Date "????.??.??"]
[Round "1.2"]
[White "Tawegoum, Ivan"]
[Black "Meunier, Clement"]
[Result "0-1"]
[WhiteElo "1440"]
[BlackElo "1760"]
[PlyCount "121"]

1. e4 d5 2. exd5 Qxd5 3. Nc3 Qa5 4. Bc4 Nf6 5. Nf3 Bf5 6. d3 e6 7. Bf4 Nbd7 8.
Qd2 Be7 9. h3 c6 10. a3 O-O 11. O-O b5 12. Bb3 Rad8 13. Rfe1 Nc5 14. Ba2 Qb6
15. Nh4 Bg6 16. Nxg6 hxg6 17. Be3 Qc7 18. Qe2 Rfe8 19. Qf3 a5 20. Bf4 Bd6 21.
Bxd6 Qxd6 22. Rad1 e5 23. Qg3 Re7 24. Qxg6 Kf8 25. Qg3 Ree8 26. Qh4 Ne6 27.
Bxe6 Rxe6 28. Ne4 Qe7 29. Nxf6 Qxf6 30. Qxf6 gxf6 31. Re4 c5 32. a4 b4 33. Rc4
Rd5 34. Re1 Rc6 35. h4 Ke7 36. d4 Kd6 37. dxe5+ fxe5 38. b3 Rd4 39. Rxd4+ cxd4
40. Re2 f5 41. Kh2 Kd5 42. Kg3 Rc3+ 43. Kh2 e4 44. Kg1 d3 45. Rd2 Rxc2 46. Rd1
Rb2 47. h5 Rxb3 48. h6 Rc3 49. Kf1 Rc7 50. f3 Rh7 51. fxe4+ fxe4 52. Kf2 Rxh6
53. Ke3 Rb6 54. Kd2 Kd4 55. g4 e3+ 56. Kc1 Rc6+ 57. Kb2 e2 58. Re1 d2 59. Rxe2
d1=Q 60. Rf2 Qc1+ 61. Ka2 0-1

[Event "Championnat de France des Jeunes - Pouss"]
[Site "Aix les Bains"]
[Date "????.??.??"]
[Round "1.3"]
[White "Pigeat, Alexandre"]
[Black "Mignot, Enzo"]
[Result "1-0"]
[WhiteElo "1716"]
[BlackElo "1430"]
[PlyCount "67"]

1. e4 e5 2. Nf3 Nc6 3. Bb5 d6 4. O-O Bd7 5. c3 Nf6 6. Re1 g6 7. d4 Bg7 8. Bg5
O-O 9. Nbd2 a6 10. Ba4 h6 11. Bh4 Re8 12. a3 Bg4 13. d5 b5 14. Bc2 Ne7 15. b4
g5 16. Bg3 Nh5 17. Rf1 Nxg3 18. fxg3 c6 19. h3 Bd7 20. Bb3 cxd5 21. exd5 Ng6
22. c4 e4 23. Nxe4 Bxa1 24. Nxd6 Re7 25. Qxa1 Qc7 26. c5 a5 27. Qc3 a4 28. Bc2
Nf8 29. Rd1 Ra6 30. Qf6 Qd8 31. Qxh6 Re2 32. Bb1 Nh7 33. Bxh7+ Kh8 34. Nxf7#
1-0

[Event "Championnat de France des Jeunes - Pouss"]
[Site "Aix les Bains"]
[Date "????.??.??"]
[Round "1.4"]
[White "Albaric, Etienne"]
[Black "Kieffer, Anatole"]
[Result "0-1"]
[WhiteElo "1420"]
[BlackElo "1710"]
[PlyCount "96"]

1. e4 e5 2. Nf3 Nc6 3. Bc4 Be7 4. O-O Nf6 5. Re1 d6 6. c3 Be6 7. Bxe6 fxe6 8.
Qb3 Qc8 9. d4 exd4 10. cxd4 b6 11. Nc3 Qd7 12. e5 Na5 13. Qd1 dxe5 14. Nxe5 Qd6
15. Nb5 Qd8 16. Qc2 c5 17. Qa4 O-O 18. Bd2 Nb7 19. Nc6 Qd7 20. Nxe7+ Qxe7 21.
Qb3 Rfe8 22. f4 a6 23. Na3 b5 24. Nc2 c4 25. Qh3 Qd7 26. g4 Nd6 27. Re2 Nfe4
28. Bc3 Rf8 29. Rf1 a5 30. Qf3 b4 31. Be1 g5 32. Rxe4 Nxe4 33. Qxe4 Qd6 34. Bg3
Qe7 35. f5 Ra6 36. fxe6 Rxf1+ 37. Kxf1 Qxe6 38. Qxe6+ Rxe6 39. Be5 Rb6 40. Na1
b3 41. axb3 cxb3 42. Ke2 a4 43. Kd3 Kf7 44. Kc3 Ke6 45. Nxb3 Rxb3+ 46. Kc2 Kd5
47. Kc1 Rh3 48. Kd2 Ke4 0-1

[Event "Championnat de France des Jeunes - Pouss"]
[Site "Aix les Bains"]
[Date "????.??.??"]
[Round "1.5"]
[White "Ginovart, Axel"]
[Black "Pluvinage, Jerome"]
[Result "1-0"]
[WhiteElo "1707"]
[BlackElo "1420"]
[PlyCount "57"]

1. e4 c5 2. Nf3 d6 3. d4 cxd4 4. Nxd4 Nf6 5. Nc3 a6 6. Be2 e5 7. Nb3 Be7 8. O-O
O-O 9. Be3 Be6 10. a4 Qc7 11. a5 Nc6 12. Nd5 Bxd5 13. exd5 Nb8 14. Bb6 Qc8 15.
Ra4 Nbd7 16. Be3 Qb8 17. Bd3 Nxd5 18. Bxh7+ Kxh7 19. Qxd5 Nf6 20. Qd3+ Kg8 21.
Bg5 Qc7 22. Rh4 g6 23. Qh3 Nh5 24. Bxe7 Qxe7 25. g4 Qg5 26. Kh1 Nf6 27. Kg1
Rac8 28. Nd4 exd4 29. f4 1-0

[Event "Championnat de France des Jeunes - Pouss"]
[Site "Aix les Bains"]
[Date "????.??.??"]
[Round "2.1"]
[White "Le Menelec, Erwan-Son"]
[Black "Rambaldi, Francesco"]
[Result "0-1"]
[WhiteElo "1490"]
[BlackElo "2070"]
[PlyCount "98"]

1. e4 c5 2. f4 d5 3. e5 Nc6 4. Nf3 Bg4 5. Bb5 e6 6. O-O Nge7 7. c3 Qb6 8. Qa4
c4+ 9. Kh1 a6 10. Nd4 Rc8 11. Bxc6+ Nxc6 12. h3 h5 13. d3 Bc5 14. Nxc6 Rxc6 15.
d4 Bf8 16. hxg4 hxg4+ 17. Kg1 g3 18. Rf3 Qd8 19. Be3 Qh4 20. Kf1 Qh1+ 21. Bg1
Qh4 22. Na3 Qg4 23. Ke2 Rh1 24. Nc2 Qf5 25. Nb4 Bxb4 26. cxb4 Qe4+ 27. Kd2 Rxg1
28. Rxg1 Qxd4+ 29. Kc2 Qxg1 30. Rc3 Qxg2+ 31. Kb1 Qf1+ 32. Rc1 Qd3+ 33. Ka1 g2
34. Rd1 Qf1 35. a3 g1=Q 36. Rxf1 Qxf1+ 37. Ka2 b5 38. Qc2 Qd3 39. Qh2 Rc8 40.
Qh8+ Kd7 41. Qxg7 Qg6 42. Qxg6 fxg6 43. Kb1 Rf8 44. Kc2 Rxf4 45. Kd2 g5 46. Ke3
Rf5 47. Kd4 Kc6 48. a4 g4 49. axb5+ axb5 0-1

[Event "Championnat de France des Jeunes - Pouss"]
[Site "Aix les Bains"]
[Date "????.??.??"]
[Round "2.2"]
[White "Meunier, Clement"]
[Black "Bianchi, Tobias"]
[Result "1/2-1/2"]
[WhiteElo "1760"]
[BlackElo "1486"]
[PlyCount "63"]

1. d4 Nf6 2. Bf4 g6 3. e3 Bg7 4. Nd2 d6 5. Bd3 O-O 6. Ngf3 Nbd7 7. O-O Re8 8.
e4 c5 9. c3 a6 10. Rb1 cxd4 11. cxd4 b5 12. e5 dxe5 13. Nxe5 Nxe5 14. Bxe5 Bb7
15. Nf3 Qd7 16. Rc1 Rac8 17. Qe2 Rc6 18. Bf4 Re6 19. Be5 Rc6 20. b4 Rec8 21.
Rc5 Re6 22. Ng5 Rec6 23. Rd1 h6 24. Nf3 Qg4 25. Bg3 Nd7 26. Rxc6 Bxc6 27. a4
Bxf3 28. gxf3 Qg5 29. axb5 axb5 30. Bxb5 Nb6 31. h4 Qf5 32. Ba6 1/2-1/2

[Event "Championnat de France des Jeunes - Pouss"]
[Site "Aix les Bains"]
[Date "????.??.??"]
[Round "2.3"]
[White "Duclos, Jean"]
[Black "Pigeat, Alexandre"]
[Result "0-1"]
[WhiteElo "1480"]
[BlackElo "1716"]
[PlyCount "124"]

1. e4 e6 2. d4 d5 3. e5 c5 4. c3 Nc6 5. Nf3 Qb6 6. a3 c4 7. Be2 Na5 8. Nbd2 Bd7
9. O-O Ne7 10. Re1 O-O-O 11. h3 g6 12. Rb1 Qc7 13. Nf1 Nb3 14. Bg5 h6 15. Bf6
Rg8 16. N1d2 Ba4 17. Nxb3 Bxb3 18. Qd2 g5 19. Bxe7 Bxe7 20. Bd1 Qb6 21. Bxb3
Qxb3 22. Qd1 Qxd1 23. Rexd1 b5 24. Ra1 a5 25. a4 b4 26. cxb4 Bxb4 27. Rac1 Kd7
28. Nd2 Rb8 29. Rb1 Rgc8 30. Kf1 c3 31. bxc3 Rxc3 32. Rb3 Rbc8 33. Rxc3 Rxc3
34. Ra1 Kc6 35. Ke2 Rc2 36. Rd1 Ra2 37. Kd3 Bxd2 38. Rxd2 Ra3+ 39. Ke2 Rxa4 40.
Rc2+ Rc4 41. Kd3 Rxc2 42. Kxc2 Kb5 43. Kb3 a4+ 44. Kc3 a3 45. Kb3 a2 46. Kxa2
Kc4 47. Kb2 Kxd4 48. g3 Kxe5 49. f4+ gxf4 50. gxf4+ Kxf4 51. Kc2 f5 52. Kd2 d4
53. h4 e5 54. h5 e4 55. Ke2 d3+ 56. Kd2 Kf3 57. Ke1 e3 58. Kf1 d2 59. Kg1 d1=Q+
60. Kh2 Qe2+ 61. Kh3 Qg2+ 62. Kh4 Qg4# 0-1

[Event "Championnat de France des Jeunes - Pouss"]
[Site "Aix les Bains"]
[Date "????.??.??"]
[Round "2.4"]
[White "Kieffer, Anatole"]
[Black "Lilin, Jeremy"]
[Result "0-1"]
[WhiteElo "1710"]
[BlackElo "1480"]
[PlyCount "90"]

1. e4 e6 2. d4 d5 3. e5 c5 4. c3 Nc6 5. Nf3 Qb6 6. a3 c4 7. Nbd2 Nge7 8. Rb1 a5
9. b3 cxb3 10. Rxb3 Qc7 11. Bd3 Bd7 12. O-O Nd8 13. Re1 Ba4 14. Bb5+ Bxb5 15.
Rxb5 Qxc3 16. Rc5 Qd3 17. Re3 Qa6 18. Qa4+ Nec6 19. Rb5 Be7 20. Nb3 O-O 21. Bd2
Bxa3 22. Nc5 Bxc5 23. Rxc5 Ra7 24. Ra3 b6 25. Rc1 b5 26. Qb3 a4 27. Qb2 Rb7 28.
Bb4 Nxb4 29. Qxb4 Nc6 30. Qc5 Na7 31. h3 b4 32. Raa1 b3 33. Ra3 Rbb8 34. Qc3
Nb5 35. Qb2 Nxa3 36. Qxa3 Rfc8 37. Rb1 Qd3 38. Qb2 a3 39. Qa1 a2 40. Rb2 Rc2
41. Ne1 Rxb2 42. Qxb2 Qd1 43. Kh2 Qxe1 44. Qa3 a1=Q 45. Qd6 Rf8 0-1

[Event "Championnat de France des Jeunes - Pouss"]
[Site "Aix les Bains"]
[Date "????.??.??"]
[Round "2.5"]
[White "Corveille, Victor"]
[Black "Ginovart, Axel"]
[Result "0-1"]
[WhiteElo "1470"]
[BlackElo "1707"]
[PlyCount "92"]

1. e4 c5 2. Nc3 a6 3. Nge2 Nc6 4. d4 cxd4 5. Nxd4 Nf6 6. Nxc6 bxc6 7. e5 Ng8 8.
Bc4 f6 9. Qf3 Qa5 10. e6 d5 11. O-O Bxe6 12. Re1 Bf7 13. Bb3 e5 14. Bf4 Bd6 15.
Rad1 Ne7 16. Bd2 Qc7 17. Qg4 O-O 18. Bh6 Bg6 19. Qe6+ Kh8 20. Qh3 gxh6 21. Qxh6
Nf5 22. Qh3 Kg7 23. Ne2 a5 24. c3 Kg8 25. Bc2 Ne3 26. Qxe3 Bxc2 27. Rd2 Bg6 28.
Ng3 e4 29. b3 Bf4 30. Qd4 Bxd2 31. Qxd2 a4 32. b4 a3 33. b5 Bf7 34. Qh6 Qe5 35.
f4 Qxc3 36. Re2 e3 37. h3 Bg6 38. h4 f5 39. h5 Be8 40. Qe6+ Kh8 41. Rxe3 Qf6
42. bxc6 Bxc6 43. Qxf6+ Rxf6 44. Re5 Re8 45. Rxf5 Rxf5 46. Nxf5 Re2 0-1

[Event "Championnat de France des Jeunes - Pouss"]
[Site "Aix les Bains"]
[Date "????.??.??"]
[Round "1.1"]
[White "Broly, Mathilde"]
[Black "Afraoui, Anaelle"]
[Result "1-0"]
[WhiteElo "1570"]
[BlackElo "1210"]
[PlyCount "93"]

1. e4 c5 2. Nc3 e6 3. Bc4 a6 4. a4 Nc6 5. d3 Qc7 6. f4 d6 7. Nf3 Nf6 8. Be3 b6
9. Qd2 Be7 10. O-O Bb7 11. h3 O-O-O 12. Ba2 d5 13. exd5 exd5 14. Ne2 d4 15. Bf2
Nd5 16. Bxd5 Rxd5 17. Bg3 Bd6 18. c3 Re8 19. Rac1 dxc3 20. Nxc3 Rf5 21. Nh4 Rf6
22. Nd5 Qd8 23. Nxf6 Qxf6 24. Nf3 Nd4 25. Nxd4 Qxd4+ 26. Bf2 Qd5 27. Bh4 Re3
28. Rc3 Qd4 29. Bf2 Bxf4 30. Rc4 Qd5 31. Bh4 Rxd3 32. Qe2 Re3 33. Qg4+ Kb8 34.
Rcxf4 h5 35. Qxg7 Re2 36. R4f3 Qe6 37. Rxf7 Qe3+ 38. Bf2 Qe6 39. Qg3+ Ka7 40.
Rf4 Qc6 41. Rf7 Rxb2 42. a5 Rb3 43. axb6+ Qxb6 44. Qc7 Qb5 45. Bxc5+ Ka8 46.
Rf8+ Bc8 47. Qxc8+ 1-0

[Event "Championnat de France des Jeunes - Pouss"]
[Site "Aix les Bains"]
[Date "????.??.??"]
[Round "1.2"]
[White "Duff, Francine"]
[Black "Ducceschi, Leana"]
[Result "0-1"]
[WhiteElo "1210"]
[BlackElo "1430"]
[PlyCount "86"]

1. e4 d6 2. d4 Nf6 3. Nc3 g6 4. Nf3 Bg4 5. Be2 Bxf3 6. Bxf3 Bg7 7. b3 O-O 8.
Bb2 Nc6 9. Ne2 Qd7 10. d5 Na5 11. Nf4 e5 12. dxe6 fxe6 13. O-O e5 14. Nd3 Rae8
15. b4 Nc4 16. Bc3 Re7 17. Qe2 b5 18. Bd2 a6 19. Bg5 Re6 20. Bxf6 Rexf6 21. Nc1
Bh6 22. Bg4 Qc6 23. Nb3 Rf4 24. Be6+ Kg7 25. Bxc4 bxc4 26. Na5 Qb5 27. Qxc4 Qb6
28. a4 Rxf2 29. h3 Rxc2+ 30. Kh2 Rxc4 31. Nxc4 Bf4+ 32. Kh1 Qd4 33. Na5 Qxb4
34. Nc6 Qxe4 35. Na5 Rb8 36. Rae1 Qb4 37. Rb1 Qc3 38. Nc6 Rf8 39. Nb4 Qg3 40.
Kg1 Be3+ 41. Kh1 Rf2 42. Rg1 Bf4 43. Rgf1 Qh2# 0-1

[Event "Championnat de France des Jeunes - Pouss"]
[Site "Aix les Bains"]
[Date "????.??.??"]
[Round "1.3"]
[White "Lefait, Lymoi"]
[Black "Guerlain, Melanie"]
[Result "0-1"]
[WhiteElo "1430"]
[BlackElo "1200"]
[PlyCount "72"]

1. e4 e5 2. Nf3 Nc6 3. Nc3 Bc5 4. Nxe5 Nxe5 5. d4 Bb4 6. dxe5 d6 7. Bf4 Be6 8.
exd6 cxd6 9. Bd3 Nf6 10. O-O O-O 11. Qf3 Qd7 12. Qg3 Rfc8 13. Bg5 Ng4 14. Qh3
Ne5 15. Qg3 Kh8 16. Nd5 Nxd3 17. Qxd3 Bxd5 18. exd5 Re8 19. c3 Bc5 20. Rfe1 Qg4
21. Be3 Bxe3 22. fxe3 g6 23. Rf1 f5 24. Rf4 Qg5 25. Qd4+ Re5 26. Kh1 Kg8 27.
Re1 Rae8 28. g3 Re4 29. Rxe4 fxe4 30. Qxa7 Rf8 31. Qxb7 Rf5 32. Qa7 Qf6 33. Kg1
Rf2 34. b4 Qf3 35. Qb8+ Kg7 36. Qc7+ Kh6 0-1

[Event "Championnat de France des Jeunes - Pouss"]
[Site "Aix les Bains"]
[Date "????.??.??"]
[Round "1.4"]
[White "Breysse, Fiora"]
[Black "Mutschler, Marie"]
[Result "1/2-1/2"]
[WhiteElo "1190"]
[BlackElo "1430"]
[PlyCount "70"]

1. c4 d6 2. Nc3 Nf6 3. g3 g6 4. Bg2 Bg7 5. e3 e5 6. Nge2 Be6 7. d3 Nbd7 8. O-O
O-O 9. Bd2 c5 10. d4 Bxc4 11. Bxb7 Bxe2 12. Qxe2 Rb8 13. Bg2 Rxb2 14. Nb5 a6
15. Nxd6 cxd4 16. Nc4 Rc2 17. Qd3 Rxc4 18. Qxc4 Ng4 19. Bb4 Nb6 20. Qxa6 Re8
21. Ba5 Qg5 22. h4 Qh5 23. Qxb6 Bf6 24. Bh3 Bxh4 25. Bxg4 Qxg4 26. Qc6 Rc8 27.
Qd5 dxe3 28. Qxe5 exf2+ 29. Kg2 Rc5 30. Qe8+ Kg7 31. Bc3+ Rxc3 32. Qe5+ Bf6 33.
Qf4 Qh5 34. a4 Be5 35. Qxf7+ Kh6 1/2-1/2

[Event "Championnat de France des Jeunes - Pouss"]
[Site "Aix les Bains"]
[Date "????.??.??"]
[Round "1.5"]
[White "Gtari, Aliya"]
[Black "Desplains, Marie"]
[Result "1-0"]
[WhiteElo "1410"]
[BlackElo "1190"]
[PlyCount "99"]

1. e4 e5 2. Nf3 Nc6 3. Bc4 Be7 4. O-O Nf6 5. Nc3 d6 6. d3 Bg4 7. h3 Bh5 8. Bg5
h6 9. Be3 O-O 10. Qe2 Qd7 11. Rad1 Nh7 12. Nxe5 Nxe5 13. Qxh5 Nf6 14. Qe2 Nh7
15. d4 Nxc4 16. Qxc4 Bh4 17. Bf4 Kh8 18. d5 f5 19. Qd4 Rf6 20. e5 Rg6 21. g3
Be7 22. e6 Qe8 23. Qd3 Qf8 24. Kh2 h5 25. Ne2 h4 26. g4 Qf6 27. Qxf5 Qxf5 28.
gxf5 Rf6 29. Nd4 c5 30. Ne2 Rxf5 31. Rg1 Ng5 32. Rg4 Nf3+ 33. Kg2 Ne5 34. Bxe5
dxe5 35. d6 Bf6 36. d7 Be7 37. c4 Raf8 38. Rf1 R5f6 39. Rxh4+ Kg8 40. Rh5 Rg6+
41. Kh1 Rxe6 42. Ng3 Rd6 43. Rxe5 Rxd7 44. Nf5 Bg5 45. Rxc5 Be7 46. Rd5 Rxd5
47. Nxe7+ Kh7 48. cxd5 Rf3 49. Kg2 Rf7 50. d6 1-0

[Event "Championnat de France des Jeunes - Pouss"]
[Site "Aix les Bains"]
[Date "????.??.??"]
[Round "2.1"]
[White "Renaudier, Celia"]
[Black "Broly, Mathilde"]
[Result "0-1"]
[WhiteElo "1260"]
[BlackElo "1570"]
[PlyCount "96"]

1. d4 Nf6 2. c4 e6 3. Nc3 Bb4 4. Nf3 Ne4 5. Bd2 Nxc3 6. Bxc3 Bxc3+ 7. bxc3 b6
8. e3 Bb7 9. Be2 d6 10. O-O O-O 11. Qd2 Nd7 12. Rfd1 f5 13. d5 e5 14. Ng5 Qxg5
15. Rf1 Nc5 16. f3 f4 17. e4 Rf6 18. Rf2 Rg6 19. Re1 Bc8 20. h3 Bxh3 21. Bf1
Rf8 22. g4 Bxf1 23. Kxf1 h5 24. Rg2 hxg4 25. Rxg4 Qh5 26. Rxg6 Qxg6 27. Qg2
Qxg2+ 28. Kxg2 Nd3 29. Rb1 g5 30. a3 Rf6 31. Kf1 Rg6 32. Ke2 Nc5 33. Rg1 Na4
34. Kd2 Kh7 35. Rh1+ Rh6 36. Rxh6+ Kxh6 37. Ke2 Nxc3+ 38. Kf2 Kh5 39. Kg2 Kh4
40. Kf2 g4 41. fxg4 Kxg4 42. Kg2 Nxe4 43. a4 f3+ 44. Kf1 Kg3 45. Kg1 f2+ 46.
Kf1 Nd2+ 47. Ke2 f1=Q+ 48. Kxd2 Qf3 0-1

[Event "Championnat de France des Jeunes - Pouss"]
[Site "Aix les Bains"]
[Date "????.??.??"]
[Round "2.2"]
[White "Ducceschi, Leana"]
[Black "Le Bihan, Alison"]
[Result "0-1"]
[WhiteElo "1430"]
[BlackElo "1250"]
[PlyCount "96"]

1. e4 c5 2. Nf3 Nc6 3. Bc4 g6 4. O-O Bg7 5. Nc3 d6 6. Bb5 Bd7 7. Bxc6 Bxc6 8.
d3 Nf6 9. Bf4 O-O 10. Qd2 e6 11. Bg5 Qd7 12. Bxf6 Bxf6 13. Qh6 Bg7 14. Qg5 Qd8
15. Qe3 b6 16. Ng5 Bh6 17. h4 f6 18. Nxe6 Bxe3 19. Nxd8 Bxf2+ 20. Rxf2 Raxd8
21. g3 d5 22. exd5 Bxd5 23. Nb5 a6 24. Nc7 a5 25. c4 Bf7 26. Rxf6 Rxd3 27. Raf1
Rd7 28. Nb5 Rb7 29. Nd6 Rd7 30. Ne4 Re7 31. Ng5 h6 32. Nh3 Rb7 33. g4 Kg7 34.
g5 h5 35. Nf4 a4 36. Ne6+ Bxe6 37. Rxf8 Bxc4 38. b3 Bxf1 39. Rxf1 axb3 40. axb3
Rf7 41. Ra1 Rf3 42. Ra7+ Kg8 43. Rb7 Rxb3 44. Kh2 c4 45. Rc7 c3 46. Rc8+ Kf7
47. Kg2 b5 48. Kf3 c2+ 0-1

[Event "Championnat de France des Jeunes - Pouss"]
[Site "Aix les Bains"]
[Date "????.??.??"]
[Round "2.3"]
[White "Leguet, Alexia"]
[Black "Gtari, Aliya"]
[Result "0-1"]
[WhiteElo "1250"]
[BlackElo "1410"]
[PlyCount "58"]

1. e4 e5 2. Nf3 Nc6 3. Bc4 Bc5 4. c3 Nf6 5. d4 exd4 6. cxd4 Bb4+ 7. Bd2 d5 8.
exd5 Nxd5 9. a3 Bxd2+ 10. Nbxd2 O-O 11. O-O Re8 12. Re1 Rf8 13. Bd3 Nf4 14. Bc2
Nxd4 15. Nxd4 Qxd4 16. Nf3 Qxb2 17. g3 Nh3+ 18. Kg2 Qf6 19. Qd3 Qg6 20. Kh1
Nxf2+ 21. Kg1 Nxd3 22. Bxd3 Qxd3 23. Kg2 Qd5 24. Rad1 Qa2+ 25. Rd2 Qxa3 26. Re3
Qxe3 27. Rf2 Bh3+ 28. Kg1 Qc1+ 29. Rf1 Qxf1# 0-1

[Event "Championnat de France des Jeunes - Pouss"]
[Site "Aix les Bains"]
[Date "????.??.??"]
[Round "2.4"]
[White "Mechaly, Lisa"]
[Black "Retailleau, Elise"]
[Result "1-0"]
[WhiteElo "1410"]
[BlackElo "1250"]
[PlyCount "71"]

1. e4 c5 2. Nc3 d6 3. f4 Nf6 4. Nf3 Nc6 5. Bb5 Bd7 6. O-O e5 7. fxe5 dxe5 8. d3
Bd6 9. Bg5 O-O 10. Nd5 Be7 11. Nxe7+ Qxe7 12. Nd2 a6 13. Ba4 Qd6 14. Bxf6 gxf6
15. Qh5 Kg7 16. Rf3 Rh8 17. Qh4 Be8 18. Rxf6 Qxf6 19. Qxf6+ Kxf6 20. Rf1+ Ke7
21. Nf3 Nd4 22. Bxe8 Raxe8 23. Nxe5 Ref8 24. c3 Nc6 25. Nxc6+ bxc6 26. Kf2 Ke6
27. Ke3 f5 28. exf5+ Rxf5 29. Re1 Rg8 30. g3 Rg4 31. b3 h5 32. a3 h4 33. h3
Rxg3+ 34. Kd2+ Kd5 35. c4+ Kd4 36. Re4# 1-0

[Event "Championnat de France des Jeunes - Pouss"]
[Site "Aix les Bains"]
[Date "????.??.??"]
[Round "2.5"]
[White "Leroyer, Zoe"]
[Black "Leriche, Ines"]
[Result "0-1"]
[WhiteElo "1240"]
[BlackElo "1360"]
[PlyCount "176"]

1. e4 c6 2. Nf3 d5 3. e5 Bf5 4. Nc3 e6 5. d3 Nd7 6. Be2 h6 7. Bd2 Ne7 8. O-O
Bh7 9. a3 Nf5 10. b4 c5 11. b5 Nb6 12. a4 d4 13. Ne4 a6 14. a5 Nd5 15. b6 Be7
16. c4 dxc3 17. Bxc3 Nxc3 18. Nxc3 O-O 19. h3 Nd4 20. Ra4 Nxe2+ 21. Qxe2 Qd7
22. d4 Rfd8 23. Rd1 Qc6 24. Qc4 Rac8 25. d5 exd5 26. Nxd5 Qe6 27. Nxe7+ Qxe7
28. Rxd8+ Rxd8 29. Ra2 Kh8 30. Re2 Bd3 31. Qa2 Bxe2 32. Qxe2 Qd7 33. Kh2 Qe6
34. Qc2 c4 35. Qc3 Rd3 36. Qc2 Ra3 37. Qd2 Qc6 38. Qd8+ Kh7 39. Qf8 c3 40. Qxa3
c2 41. Qc1 Kg6 42. e6 Kf6 43. exf7 Qd6+ 44. Kg1 Qd1+ 45. Qxd1 cxd1=Q+ 46. Kh2
Qd5 47. f8=Q+ Ke6 48. Qg8+ Kd6 49. Qxg7 Qxa5 50. Qxh6+ Kd7 51. g4 Qc3 52. Kg3
a5 53. g5 a4 54. g6 Qf6 55. g7 Qxh6 56. g8=Q a3 57. Qa8 Qd6+ 58. Kg2 Qg6+ 59.
Kf1 Qd3+ 60. Kg2 Qg6+ 61. Kh2 Qd6+ 62. Kg1 Qg6+ 63. Kf1 Qb1+ 64. Ne1 Qb5+ 65.
Kg2 Qd5+ 66. f3 a2 67. Nc2 Qd2+ 68. Kg3 Qxc2 69. Qxb7+ Kd6 70. Qa7 Qg6+ 71. Kf2
Qc2+ 72. Kg1 Qc1+ 73. Kg2 a1=Q 74. Qxa1 Qxa1 75. b7 Qb2+ 76. Kg3 Qxb7 77. h4
Qg7+ 78. Kh3 Qe5 79. Kg4 Ke6 80. f4 Qf5+ 81. Kg3 Kd5 82. Kf3 Qh5+ 83. Kg3 Ke6
84. Kh3 Kf5 85. Kg3 Qg4+ 86. Kf2 Qxh4+ 87. Ke3 Qxf4+ 88. Kd3 Qe4+ 0-1

[Event "Championnat de France des Jeunes - Open "]
[Site "LE GRAND BORNAND"]
[Date "????.??.??"]
[Round "5.1"]
[White "Brandt, Anatole"]
[Black "Hector, Pierre"]
[Result "1-0"]
[WhiteElo "1773"]
[BlackElo "1739"]
[PlyCount "152"]

1. e4 c5 2. Nf3 d6 3. d4 cxd4 4. Nxd4 Nf6 5. Nc3 a6 6. Be3 e5 7. Nb3 Be6 8. f3
b5 9. Nd5 Bxd5 10. exd5 Nbd7 11. a4 bxa4 12. Rxa4 Nc5 13. Nxc5 dxc5 14. Bxa6
Rb8 15. Qd3 Qxd5 16. Bb5+ Kd8 17. b3 Qxd3 18. Bxd3 Nd5 19. Bd2 Nb6 20. Ra7 Ra8
21. Ba5 Rxa7 22. Bxb6+ Kc8 23. Bxa7 Kb7 24. Bxc5 Bxc5 25. Kd2 h6 26. Ra1 Bd4
27. Be4+ Kb6 28. Ra4 Rd8 29. Rb4+ Kc5 30. Rb7 Rf8 31. b4+ Kd6 32. c4 f5 33. c5+
Bxc5 34. bxc5+ Kxc5 35. Bc2 g6 36. Rh7 h5 37. Rg7 Rf6 38. Ba4 Ra6 39. Be8 Ra2+
40. Ke1 Kd4 41. Rb7 Ra1+ 42. Kf2 Ra2+ 43. Kg3 h4+ 44. Kh3 g5 45. Bd7 e4 46.
Bxf5 e3 47. Re7 e2 48. Bd7 Rb2 49. Bc8 Ra2 50. Re6 Kd3 51. Kg4 Ra5 52. Re4 Kd2
53. Bf5 Ra4 54. Rxa4 e1=Q 55. Kxg5 Qg1 56. Kxh4 Qxh2+ 57. Bh3 Qd6 58. Re4 Qh6+
59. Kg3 Qd6+ 60. Kf2 Qc5+ 61. Kg3 Qd6+ 62. Kg4 Qg6+ 63. Kf4 Qf6+ 64. Bf5 Qh6+
65. Kg3 Qg5+ 66. Bg4 Kd3 67. f4 Qg7 68. Re6 Kd4 69. f5 Kd5 70. f6 Qf7 71. Kh4
Qh7+ 72. Kg5 Qg8+ 73. Kf4 Qb8+ 74. Kf5 Qc8 75. Bf3+ Kd4 76. f7 Qd7 1-0

[Event "Championnat de France des Jeunes - Open "]
[Site "LE GRAND BORNAND"]
[Date "????.??.??"]
[Round "5.2"]
[White "Alliot, Kevin"]
[Black "Romero, Vladimir"]
[Result "1/2-1/2"]
[WhiteElo "1758"]
[BlackElo "1725"]
[PlyCount "100"]

1. d4 d5 2. c4 Nc6 3. Nc3 dxc4 4. e3 e5 5. d5 Nce7 6. Bxc4 Ng6 7. Nf3 Nf6 8.
Qb3 Bd6 9. Bb5+ Nd7 10. Bd2 O-O 11. Ne4 Nf6 12. Nxd6 cxd6 13. Bb4 a6 14. Qa3
Nxd5 15. Bxd6 axb5 16. Qc5 Nde7 17. Rd1 Qa5+ 18. b4 Qxa2 19. Bxe7 Nxe7 20. Qxe7
Bg4 21. Qxe5 Qc2 22. Qxb5 Qc3+ 23. Kf1 Ra1 24. Rxa1 Qxa1+ 25. Ne1 Rd8 26. f3
Be6 27. Qxb7 Bc4+ 28. Kf2 Rd2+ 29. Kg3 Qe5+ 30. f4 Qxe3+ 31. Qf3 Qa7 32. h3 Bd5
33. Qf1 Qe3+ 34. Nf3 h5 35. h4 Bxf3 36. Qxf3 Qxf3+ 37. Kxf3 Rb2 38. Rd1 Rxb4
39. Rd8+ Kh7 40. Rd5 g6 41. Rd7 Kg7 42. Re7 Rb3+ 43. Re3 Rxe3+ 44. Kxe3 Kf6 45.
Ke4 Ke6 46. f5+ gxf5+ 47. Kf4 f6 48. g3 Ke7 49. Kxf5 Kf7 50. Kf4 Ke8 1/2-1/2

[Event "Championnat de France des Jeunes - Open "]
[Site "LE GRAND BORNAND"]
[Date "????.??.??"]
[Round "5.3"]
[White "Caille, Vincent"]
[Black "Durand, Victor"]
[Result "0-1"]
[WhiteElo "1639"]
[BlackElo "1856"]
[PlyCount "50"]

1. e4 e5 2. Nf3 Nc6 3. Bc4 Nf6 4. d3 Bc5 5. c3 a6 6. Bg5 d6 7. Nbd2 O-O 8. O-O
Bg4 9. Qc2 Ba7 10. h3 Be6 11. Rad1 Kh8 12. Bxe6 fxe6 13. Nc4 Qe8 14. d4 exd4
15. cxd4 Qg6 16. Bxf6 Rxf6 17. Ne3 Rxf3 18. Kh1 Rf7 19. Qb3 Bb6 20. d5 exd5 21.
exd5 Nd4 22. Qc4 Nf5 23. Qe2 Raf8 24. Nxf5 Rxf5 25. Rde1 Re5 0-1

[Event "Championnat de France des Jeunes - Open "]
[Site "LE GRAND BORNAND"]
[Date "????.??.??"]
[Round "5.4"]
[White "Muller, Matthieu"]
[Black "Richard, Francois"]
[Result "1-0"]
[WhiteElo "1808"]
[BlackElo "1740"]
[PlyCount "55"]

1. e4 c5 2. Nf3 Nc6 3. Nc3 g6 4. Bc4 Bg7 5. O-O e6 6. d4 cxd4 7. Nb5 d5 8. exd5
exd5 9. Bxd5 Nge7 10. Bxc6+ bxc6 11. Nbxd4 O-O 12. Bg5 f6 13. Bh4 Bg4 14. h3
Bxf3 15. Nxf3 Qb6 16. Qd7 Rfe8 17. Qe6+ Kh8 18. Bxf6 Nd5 19. Bxg7+ Kxg7 20. Qd6
Rad8 21. Qa3 Rd7 22. c4 Nc7 23. Rae1 Rf8 24. Ng5 c5 25. Re5 Qd6 26. Qxc5 Qf6
27. Rfe1 Na6 28. Ne6+ 1-0

[Event "Championnat de France des Jeunes - Open "]
[Site "LE GRAND BORNAND"]
[Date "????.??.??"]
[Round "5.5"]
[White "Martin, Axel"]
[Black "Garnier, Teddy"]
[Result "1-0"]
[WhiteElo "1719"]
[BlackElo "1785"]
[PlyCount "91"]

1. e4 Nf6 2. e5 Nd5 3. d4 Nb6 4. Nf3 d5 5. exd6 exd6 6. Bd3 Be7 7. O-O Bg4 8.
Be3 Qd7 9. c4 Nc6 10. h3 Bf5 11. a3 d5 12. b3 O-O 13. c5 Nc8 14. Nc3 h6 15. Bf4
a6 16. Bxf5 Qxf5 17. Bxc7 Bf6 18. Re1 N8e7 19. Be5 Rad8 20. b4 Rfe8 21. Qb3
Bxe5 22. dxe5 Ng6 23. Rad1 Ncxe5 24. Nxe5 Nxe5 25. Nxd5 Ng6 26. Ne3 Qg5 27.
Rxd8 Rxd8 28. Rd1 Nf4 29. Rxd8+ Qxd8 30. Qd1 Qc8 31. Qg4 Qxg4 32. hxg4 Ne2+ 33.
Kf1 Nd4 34. Ke1 Nb5 35. Nc4 Kf8 36. Kd2 Ke7 37. a4 Nc7 38. Nd6 Nd5 39. b5 axb5
40. axb5 b6 41. Nc8+ Kd7 42. Nxb6+ Nxb6 43. cxb6 Kc8 44. Kc3 Kb7 45. Kc4 Kxb6
46. Kb4 1-0

[Event "Championnat de France des Jeunes - Open "]
[Site "LE GRAND BORNAND"]
[Date "????.??.??"]
[Round "5.6"]
[White "Bain-Thouverez, Aurelien"]
[Black "Cheriet, Salim"]
[Result "1/2-1/2"]
[WhiteElo "1607"]
[BlackElo "1710"]
[PlyCount "30"]

1. e4 d6 2. d4 Nf6 3. Nc3 g6 4. Bc4 Bg7 5. Nge2 O-O 6. O-O Nbd7 7. f3 e5 8. Be3
a6 9. Nd5 Nxd5 10. Bxd5 Nb6 11. Bb3 Kh8 12. c3 f5 13. exf5 Bxf5 14. Ng3 Nd7 15.
Nxf5 Rxf5 1/2-1/2

[Event "Championnat de France des Jeunes - Open "]
[Site "LE GRAND BORNAND"]
[Date "????.??.??"]
[Round "5.7"]
[White "Jean, Nicolas"]
[Black "Hammann, Benjamin"]
[Result "0-1"]
[WhiteElo "1600"]
[BlackElo "1959"]
[PlyCount "62"]

1. e4 c5 2. Nf3 d6 3. Bb5+ Bd7 4. Bxd7+ Nxd7 5. c4 Ngf6 6. Nc3 e6 7. d3 Be7 8.
O-O O-O 9. h3 a6 10. Rb1 h6 11. Nh2 Ne5 12. f4 Nc6 13. Ng4 d5 14. Nxf6+ Bxf6
15. e5 Be7 16. Qg4 dxc4 17. dxc4 Qd4+ 18. Kh1 Qxc4 19. Rf3 f5 20. Qg6 Nd4 21.
Rg3 Rf7 22. b3 Qf1+ 23. Kh2 Bh4 24. Re3 Qxf4+ 25. g3 Qf2+ 26. Kh1 Qf1+ 27. Kh2
Nf3+ 28. Rxf3 Qxf3 29. gxh4 Qxc3 30. Bxh6 Qc2+ 31. Kg3 f4+ 0-1